000 00692cam a2200133 4500500
005 20260329023209.0
041 _afre
042 _adc
100 1 0 _aLefebvre, Sabine
_eauthor
245 0 0 _aL'administration de l'empire romain : d'Auguste à Dioclétien
260 _bArmand Colin,
_c2011.
520 _aSabine Lefebvre est Professeur à l’université de Bourgogne.1. Les grandes étapes de la mise en place de l’administration2. Les services centraux3. L’administration de la ville de Rome4. L’administration provinciale5. L’État et les cités
856 4 1 _uhttps://shs.cairn.info/l-administration-de-l-empire-romain--9782200355753?lang=fr&redirect-ssocas=7080
999 _c1925421
_d1925421